| 000 | 00536cam a2200145 4500500 | ||
|---|---|---|---|
| 005 | 20251228053002.0 | ||
| 041 | _afre | ||
| 042 | _adc | ||
| 100 | 1 | 0 |
_aNavez-Bouchanine, Françoise _eauthor |
| 245 | 0 | 0 | _a« Mémoire des villes nouvelles », Ethnologie française, numéro de janvier-mars 2003/1 |
| 260 | _c2005. | ||
| 500 | _a1 | ||
| 786 | 0 | _nEspaces et sociétés | 119 | 4 | 2005-03-01 | p. 225d-242d | 0014-0481 | |
| 856 | 4 | 1 | _uhttps://shs.cairn.info/revue-espaces-et-societes-2004-4-page-225d?lang=fr&redirect-ssocas=7080 |
| 999 |
_c1584894 _d1584894 |
||